[Event "Box Hill Rainbow-ch"]
[Site "Box Hill"]
[Date "2000.05.30"]
[Round "4.1"]
[White "Waller, Tony"]
[Black "Rozycki, Edyta"]
[Result "0-1"]
[WhiteElo "1945"]
[BlackElo "1979"]
[PlyCount "66"]
[EventDate "2000.??.??"]
[EventType "swiss"]
[EventRounds "6"]
[EventCountry "AUS"]
[SourceTitle "EXT 2003"]
[Source "ChessBase"]
[SourceDate "2002.11.25"]
[SourceVersion "1"]
[SourceVersionDate "2002.11.25"]
[SourceQuality "1"]

1. g3 d5 2. Bg2 g6 3. Nf3 Bg7 4. 0-0 e5 5. d3 Ne7 6. e4 d4 7. c3 0-0 8. cxd4 exd4 9. Bf4 c5 10. Nbd2 Be6 11. Qc2 b6 12. Nc4 Nbc6 13. a3 h6 14. h4 f6 15. b3 Qd7 16. Kh2 g5 17. Bd2 Bg4 18. b4 Ng6 19. hxg5 fxg5 20. Ng1 cxb4 21. axb4 Rac8 22. Qa2 Kh7 23. b5 Nce5 24. Qxa7 Qxb5 25. Rab1 Qd7 26. Qxd7 Nxd7 27. f4 gxf4 28. gxf4 Nc5 29. Rxb6 Nxd3 30. Nd6 Rc2 31. f5 Be5+ 32. Kh1 Nh4 33. Rb7+ Kh8 0-1